=LDR 00000nam 2200000 4500 =001 000488 =005 20250710100030 =035 ##$$a 0010-0725000350 =007 ta =008 250710################a##########0#ind## =020 ##$$a 978-623-118-800-7 =082 ##$$a 398.209 598 =084 ##$$a 398.209 598 FAL s =100 #$$a Falesthein, Ana =245 1#$$a Si Anak Tengah /$c Ana Falesthein =250 ##$$a Cetakan Kedua =260 ##$$a Jakarta Timur :$b Badan Pengembangan dan Pembinaan Bahasa,$c 2024 =300 ##$$a 36 hlm. : $b ilus. ; $c 21 x 29,7 cm =650 #4$$a Cerita Anak Indonesia-Terjemahan =650 #4$$a Kesusatraan Anak =856 ##$$a TBM As Suhada =990 ##$$a TBM02410241